000 00450nam a22001577a 4500
003 macl
005 20231107130720.0
008 231107b |||||||| |||| 00| 0 eng d
040 _cmacl
082 _a 100
100 _aराॅन्‍डा बर्न
_982033
245 _aThe Secret शक्ति
260 _aदिल्‍ली
_b मंजुल पब्लिशिंग
_c2011
650 _amutivation
_982034
942 _2ddc
_cHIN
999 _c66351
_d66351